| 000 | 00432pab a2200157 454500 | ||
|---|---|---|---|
| 008 | 180718b2008 xxu||||| |||| 00| 0 eng d | ||
| 100 | _aMusterd, Sako | ||
| 245 | _aResidents' views on social mix: social mix, social networks and stigmatisation in post-war housing estates in Europe | ||
| 260 | _c2008 | ||
| 300 | _ap.897-915. | ||
| 362 | _aApr | ||
| 650 | _aHousing | ||
| 773 | _aUrban Studies | ||
| 908 | _aN | ||
| 909 | _a78058 | ||
| 999 |
_c78058 _d78058 |
||